Statistics for 80s Childrens TV Shows

Click here to take the quiz!

General Stats

  • This quiz has been taken 804 times
  • The average score is 14 of 23

Answer Stats

HintNetworkAnswer% Correct
Stores of a honey-loving bear, oh bother!DisneyThe New Adventures of Winnie the Pooh
87%
Cartoon based on Mattel's toy line "Masters of the Universe"SyndicatedHe-Man and the Masters of the Universe
86%
Comedy-variety series featuring Jim Henson's puppetsSyndicatedThe Muppet Show
86%
Cartoon about bears who live in the Kingdom of CaringABCThe Care Bears
84%
Cartoon based on Uncle Scrooge and other duck comicsSyndicatedDuck Tales
80%
Fantasy cartoon about a group of blue guys (and one girl)NBCThe Smurfs
76%
Show based on popular military action figuresSyndicatedG.I. Joe: A Real American Hero
73%
Versions of the above characters in a cartoon nurseryCBSMuppet Babies
71%
Spin-off of the above, featuring chipmunk rangersDisneyChip 'n Dale Rescue Rangers
66%
Japanese series depicting a war between giant robotsSyndicatedThe Transformers
65%
An alien from the planet Melmac warns about nuclear warNBCALF
64%
Henson series about an underground puppet communityHBOFraggle Rock
64%
Based on comic Paul Reubens' stage showCBSPee-wee's Playhouse
60%
A family lives in a futuristic utopia in the year 2062ABCThe Jetsons
59%
Host LeVar Burton encourages children to readPBSThe Reading Rainbow
57%
British show based on "The Railway Series" still airing todayPBSThomas the Tank Engine & Friends
54%
Series based on toy teddy bear that played books on tapeSyndicatedThe Adventures of Teddy Ruxpin
50%
Animated series about a group of cat-like humanoid aliensSyndicatedThunderCats
47%
Abandoned girl finds a foster family and friends in ChicagoNBCPunky Brewster
43%
Small, colorful beings have snorkels on their headsNBCSnorks
40%
Tales of a cyborg policeman with a catchy theme songSyndicatedInspector Gadget
39%
Animated series based on popular Tonka dog toysABCPound Puppies
29%
Sketch-comedy series that launched "green slime"NickelodeonYou Can't Do That on Television
29%

Score Distribution

Percentile by Number Answered

Percent of People with Each Score

Your Score History

You have not taken this quiz